000 00167nam a2200073Ia 4500
008 170620s9999 xx 000 0 und d
100 _aGandhi
245 0 _aMY EXPERIMENTS WITH TRUTH
260 _bAPH PU
999 _c26216
_d26216